[Event "St Petersburg Korchnoi Memorial op"]
[Site "St Petersburg"]
[Date "2024.08.19"]
[Round "5"]
[White "Prokhorov, Gleb"]
[Black "Zhuk, Kirill"]
[Result "1/2-1/2"]
[WhiteElo "1691"]
[BlackElo "1908"]
[PlyCount "119"]
[EventDate "2024.08.17"]
[EventType "swiss"]
[EventRounds "9"]
[EventCountry "RUS"]
[SourceTitle "EXT 2025"]
[Source "ChessBase"]
[SourceDate "2024.10.14"]
[SourceVersion "1"]
[SourceVersionDate "2024.10.14"]
[SourceQuality "1"]

1. e4 c6 2. d4 d5 3. Nd2 dxe4 4. Nxe4 Nd7 5. Qe2 e6 6. c3 Ngf6 7. Nf3 Be7 8. Nxf6+ Nxf6 9. Qc2 Qc7 10. Bd3 c5 11. dxc5 Bxc5 12. 0-0 b6 13. Qa4+ Bd7 14. Bb5 a6 15. Bxd7+ Qxd7 16. Qxd7+ Nxd7 17. Be3 Bxe3 18. fxe3 Ke7 19. Kf2 f6 20. Ke2 g5 21. Rad1 Rac8 22. Rc1 Nc5 23. Rfd1 Na4 24. Rc2 Rhd8 25. Rxd8 Kxd8 26. Ne1 Ke7 27. Nd3 b5 28. Kd2 Rd8 29. Ke2 Rc8 30. Kd2 h5 31. Ke2 Rc7 32. Kd2 Rc8 33. Ke2 h4 34. Kd2 Rc7 35. Ke2 a5 36. Kd2 f5 37. Nc1 Nc5 38. Nb3 Ne4+ 39. Ke2 a4 40. Nd4 Nd6 41. Nf3 Kf6 42. Nd2 g4 43. b3 axb3 44. axb3 Ke5 45. c4 bxc4 46. Nxc4+ Nxc4 47. Rxc4 Ra7 48. Rc2 Ra3 49. Rb2 Kd5 50. b4 Kc6 51. h3 Kb5 52. hxg4 fxg4 53. Rd2 Rc3 54. Rd6 Rc2+ 55. Kf1 Rc6 56. Rd8 Rc4 57. Rh8 g3 58. Rb8+ Ka4 59. Ke2 Rxb4 60. Re8 1/2-1/2

[Event "St Petersburg Korchnoi Memorial op"]
[Site "St Petersburg"]
[Date "2024.08.18"]
[Round "4"]
[White "Zhuk, Kirill"]
[Black "Simbelov, Roman T"]
[Result "0-1"]
[WhiteElo "1908"]
[BlackElo "2101"]
[PlyCount "104"]
[EventDate "2024.08.17"]
[EventType "swiss"]
[EventRounds "9"]
[EventCountry "RUS"]
[SourceTitle "CBM 221 Extra"]
[Source "ChessBase"]
[SourceDate "2024.09.30"]
[SourceVersion "1"]
[SourceVersionDate "2024.09.30"]
[SourceQuality "1"]

1. Nf3 d5 2. d4 Nf6 3. e3 c5 4. c3 Nc6 5. dxc5 e6 6. b4 a5 7. Bb5 Bd7 8. Qb3 Ne4 9. Nbd2 axb4 10. cxb4 b6 11. Nxe4 dxe4 12. Nd2 bxc5 13. Nxe4 Nxb4 14. Bxd7+ Qxd7 15. 0-0 Qd5 16. Qb1 Be7 17. Bd2 f5 18. Bxb4 cxb4 19. Ng3 Bf6 20. Rd1 Qc4 21. Qc1 Bc3 22. Qc2 Qa6 23. Rac1 Qxa2 24. Ne2 Qxc2 25. Rxc2 Bf6 26. Rb1 Rb8 27. Nd4 Bxd4 28. exd4 Kd7 29. g4 Rhc8 30. Rcb2 Rc4 31. gxf5 exf5 32. Ra1 Rxd4 33. Ra7+ Kc6 34. Rxg7 Rg4+ 35. Rxg4 fxg4 36. Kf1 Kc5 37. Ke2 Kc4 38. Kd1 b3 39. Kc1 Re8 40. Kd2 Rd8+ 41. Kc1 Kc3 42. Re2 h5 43. Re1 b2+ 44. Kb1 Rd3 45. Rg1 Kd2 46. Rg2 Ke1 47. Rg1+ Kxf2 48. Rh1 Rd2 49. Ka2 Kg2 50. Rb1 Kxh2 51. Kb3 g3 52. Kc3 Rf2 0-1

[Event "Moscow op-A 17th"]
[Site "Moscow"]
[Date "2021.02.21"]
[Round "2"]
[White "Efimov, Leonid"]
[Black "Zhuk, Kirill"]
[Result "0-1"]
[WhiteElo "1764"]
[BlackElo "2054"]
[PlyCount "96"]
[EventDate "2021.02.20"]
[EventType "swiss"]
[EventRounds "9"]
[EventCountry "RUS"]
[SourceTitle "CBM 200 Extra"]
[Source "ChessBase"]
[SourceDate "2021.03.31"]
[SourceVersion "1"]
[SourceVersionDate "2021.03.31"]
[SourceQuality "1"]

1. d4 Nf6 2. c4 e6 3. g3 c5 4. d5 exd5 5. cxd5 d6 6. Nc3 g6 7. Bg2 Bg7 8. Nf3 0-0 9. 0-0 Re8 10. Re1 Ne4 11. Nxe4 Rxe4 12. Qc2 Re8 13. Bf4 Bg4 14. e4 Bxf3 15. Bxf3 Qf6 16. Bg2 Nd7 17. Re2 g5 18. Bd2 g4 19. Bc3 Ne5 20. f4 gxf3 21. Rf1 b5 22. Ref2 Bh6 23. Rxf3 Nxf3+ 24. Bxf3 Qg5 25. e5 Rxe5 26. Bxe5 Qxe5 27. Be4 Re8 28. Bxh7+ Kg7 29. Qf5 Qxf5 30. Bxf5 Re2 31. Rb1 Be3+ 32. Kh1 Bd4 33. Bd3 Rd2 34. Bxb5 Bxb2 35. Bc4 a5 36. Re1 Be5 37. Re2 Rd4 38. Rc2 a4 39. Kg2 a3 40. Kf3 Rd1 41. Ke4 Kg6 42. Bb3 f5+ 43. Kf3 Rd3+ 44. Ke2 Rxb3 45. axb3 Bb2 46. Rc4 a2 47. Ra4 a1Q 48. Rxa1 Bxa1 0-1

[Event "Moscow op-A 17th"]
[Site "Moscow"]
[Date "2021.02.20"]
[Round "1"]
[White "Zhuk, Kirill"]
[Black "Basiev, Georgiy"]
[Result "0-1"]
[WhiteElo "2054"]
[BlackElo "1448"]
[PlyCount "70"]
[EventDate "2021.02.20"]
[EventType "swiss"]
[EventRounds "9"]
[EventCountry "RUS"]
[SourceTitle "CBM 200 Extra"]
[Source "ChessBase"]
[SourceDate "2021.03.31"]
[SourceVersion "1"]
[SourceVersionDate "2021.03.31"]
[SourceQuality "1"]

1. e4 c5 2. Nf3 d6 3. d4 cxd4 4. Nxd4 Nf6 5. Nc3 g6 6. Be3 Bg7 7. f3 Nc6 8. Qd2 0-0 9. 0-0-0 d5 10. exd5 Nxd5 11. Nxc6 bxc6 12. Bd4 e5 13. Bc5 Be6 14. Ne4 f5 15. Ng5 Bh6 16. h4 Re8 17. Be2 Qf6 18. Kb1 Rad8 19. Bc4 Nf4 20. Qc3 Bxc4 21. Qxc4+ Rd5 22. g3 Bxg5 23. hxg5 Qf7 24. Rhe1 Rxd1+ 25. Rxd1 Qxc4 26. Be3 Nd5 27. Bd2 e4 28. b3 Qe2 29. fxe4 fxe4 30. c4 Ne3 31. Bxe3 Qxe3 32. Rd7 Qc3 33. Rxh7 Qe5 34. c5 e3 35. Rh6 Qf5+ 0-1

[Event "Moscow op-A 16th"]
[Site "Moscow"]
[Date "2020.02.02"]
[Round "9"]
[White "Zhuk, Kirill"]
[Black "Bogaudinov, Rushan"]
[Result "1/2-1/2"]
[WhiteElo "1788"]
[BlackElo "2027"]
[PlyCount "98"]
[EventDate "2020.01.25"]
[EventType "swiss"]
[EventRounds "9"]
[EventCountry "RUS"]
[SourceTitle "CBM 194 Extra"]
[Source "ChessBase"]
[SourceDate "2020.03.31"]
[SourceVersion "1"]
[SourceVersionDate "2020.03.31"]
[SourceQuality "1"]

1. e4 c5 2. Nf3 d6 3. d4 cxd4 4. Nxd4 Nf6 5. Nc3 a6 6. h3 e6 7. g4 b5 8. Bg2 Bb7 9. 0-0 b4 10. Nd5 exd5 11. exd5 Be7 12. Re1 Bc8 13. g5 Ng8 14. Bf4 Kf8 15. Qf3 Ra7 16. c3 Bxg5 17. Rad1 Bxf4 18. Qxf4 Nf6 19. Nc6 Nxc6 20. dxc6 Re7 21. Qxb4 Rxe1+ 22. Rxe1 g6 23. Rd1 Ke7 24. Re1+ Be6 25. Qb7+ Kf8 26. Rxe6 Kg7 27. Re7 Rf8 28. b4 d5 29. Re1 Re8 30. Rd1 Re7 31. Qxa6 Qe8 32. Kf1 Re6 33. Qd3 Qxc6 34. Bxd5 Nxd5 35. Qxd5 Qxc3 36. Qd4+ Qxd4 37. Rxd4 Ra6 38. Rd2 Kf6 39. Kg2 Ra4 40. Rb2 Ke6 41. Kg3 Kd6 42. b5 Kc7 43. b6+ Kb7 44. f4 Ra3+ 45. Kg4 f6 46. Kh4 Rf3 47. Rb4 Ra3 48. Rb2 Rf3 49. Rb4 Ra3 1/2-1/2

[Event "Moscow-ch final"]
[Site "Moscow"]
[Date "2019.04.02"]
[Round "4"]
[White "Zhuk, Kirill"]
[Black "Zverev, Lev"]
[Result "1/2-1/2"]
[WhiteElo "1894"]
[BlackElo "1703"]
[PlyCount "113"]
[EventDate "2019.03.30"]
[EventType "swiss"]
[EventRounds "9"]
[EventCountry "RUS"]
[SourceTitle "CBM 189 Extra"]
[Source "ChessBase"]
[SourceDate "2019.05.31"]
[SourceVersion "1"]
[SourceVersionDate "2019.05.31"]
[SourceQuality "1"]

1. e4 e5 2. Nf3 Nc6 3. Bc4 Bc5 4. c3 Nf6 5. d3 d6 6. a4 a6 7. h3 Ba7 8. Nbd2 h6 9. a5 Ne7 10. 0-0 g5 11. Qb3 Rh7 12. d4 Ng6 13. Rd1 g4 14. hxg4 Nxg4 15. Nf1 Qf6 16. Qc2 Bd7 17. Ne3 0-0-0 18. Nd5 Qg7 19. Qe2 Rg8 20. Ra3 Nf6 21. Ne1 Nxd5 22. Bxd5 Nh4 23. Rd3 Qf6 24. g3 exd4 25. e5 dxe5 26. cxd4 Bb5 27. Qxe5 Qxe5 28. dxe5 Bxd3 29. Rxd3 c6 30. Be4 Rhg7 31. Kf1 Ng6 32. Bxh6 Rh7 33. Bf4 Rh2 34. Bf5+ Kb8 35. Rd2 Nxf4 36. gxf4 Be3 37. Rc2 Bxf4 38. Nd3 Bg5 39. Ke2 Bd8 40. b4 Rg5 41. Be4 Be7 42. Rc4 Rg8 43. Ke3 Re8 44. f4 Rh3+ 45. Kd4 Rh6 46. Bf5 Bd8 47. Ke4 Rg8 48. Rc2 Be7 49. Rb2 Kc7 50. Rd2 Rh4 51. Rc2 Rgh8 52. Rg2 Rf8 53. Rg7 Kd8 54. Rg2 Kc7 55. Rg7 Kd8 56. Rg2 Kc7 57. Rg7 1/2-1/2

[Event "Moscow-ch final"]
[Site "Moscow"]
[Date "2019.03.30"]
[Round "1"]
[White "Pesotskiy, Mikhail"]
[Black "Zhuk, Kirill"]
[Result "1-0"]
[WhiteElo "2300"]
[BlackElo "1894"]
[PlyCount "73"]
[EventDate "2019.03.30"]
[EventType "swiss"]
[EventRounds "9"]
[EventCountry "RUS"]
[SourceTitle "CBM 189 Extra"]
[Source "ChessBase"]
[SourceDate "2019.05.31"]
[SourceVersion "1"]
[SourceVersionDate "2019.05.31"]
[SourceQuality "1"]

1. d4 d5 2. c4 e6 3. Nc3 Nf6 4. cxd5 exd5 5. Bg5 Be7 6. e3 c6 7. Qc2 Nbd7 8. Bd3 0-0 9. Nf3 Re8 10. h3 Nf8 11. Bf4 Bd6 12. Bxd6 Qxd6 13. 0-0-0 a5 14. Kb1 Bd7 15. g4 a4 16. g5 Ne4 17. Nxe4 dxe4 18. Bxe4 Be6 19. Ne5 a3 20. b3 Ra5 21. f4 Qb4 22. h4 Bd5 23. h5 Bxe4 24. Qxe4 Qc3 25. Rh2 Rd8 26. Rc1 Qb4 27. g6 fxg6 28. hxg6 h6 29. Qf5 Qe7 30. Nxc6 bxc6 31. Qxa5 Qe4+ 32. Rhc2 Re8 33. Qxa3 Qxe3 34. Rxc6 Qd3+ 35. Ka1 Re2 36. Qa7 Qd2 37. Qf7+ 1-0

[Event "Sochi ChessAmateur op10"]
[Site "Sochi"]
[Date "2018.10.18"]
[Round "9"]
[White "Grigoryan, Suren"]
[Black "Zhuk, Kirill"]
[Result "1-0"]
[WhiteElo "1705"]
[BlackElo "1774"]
[PlyCount "77"]
[EventDate "2018.10.12"]
[EventType "swiss"]
[EventRounds "9"]
[EventCountry "RUS"]
[SourceTitle "CBM 187 Extra"]
[Source "ChessBase"]
[SourceDate "2018.11.04"]
[SourceVersion "1"]
[SourceVersionDate "2018.11.04"]
[SourceQuality "1"]

1. e4 e5 2. Nf3 Nc6 3. d4 exd4 4. Nxd4 Bc5 5. Nb3 Bb6 6. Nc3 d6 7. Qe2 Nge7 8. Bg5 0-0 9. 0-0-0 f6 10. Bh4 Ng6 11. Bg3 Nge5 12. f3 Be6 13. Bf2 Bxf2 14. Qxf2 a5 15. Nd4 Nxd4 16. Qxd4 a4 17. a3 Nc6 18. Qe3 Ne5 19. Qd4 Nc6 20. Qe3 Ra5 21. h4 Qe7 22. h5 h6 23. Ne2 Bf7 24. Nf4 Ne5 25. Rh3 f5 26. exf5 Qg5 27. g4 Re8 28. Qd2 Nc4 29. Bxc4 Bxc4 30. Qxa5 Qxf4+ 31. Qd2 Qe5 32. Rhh1 Qg3 33. Rde1 Rf8 34. Rhg1 Qxf3 35. g5 Kh7 36. gxh6 gxh6 37. Re7+ Rf7 38. Rxf7+ Bxf7 39. Qd4 1-0

[Event "Sochi ChessAmateur op10"]
[Site "Sochi"]
[Date "2018.10.14"]
[Round "4"]
[White "Zhuk, Kirill"]
[Black "Martynyuk, Elizaveta"]
[Result "0-1"]
[WhiteElo "1774"]
[BlackElo "2076"]
[PlyCount "108"]
[EventDate "2018.10.12"]
[EventType "swiss"]
[EventRounds "9"]
[EventCountry "RUS"]
[SourceTitle "CBM 187 Extra"]
[Source "ChessBase"]
[SourceDate "2018.11.04"]
[SourceVersion "1"]
[SourceVersionDate "2018.11.04"]
[SourceQuality "1"]

1. e4 c5 2. Nf3 Nc6 3. d4 cxd4 4. Nxd4 Qb6 5. Nb3 Nf6 6. Nc3 e6 7. Be3 Qc7 8. Be2 Bb4 9. f3 d5 10. 0-0 dxe4 11. Nxe4 Nxe4 12. fxe4 0-0 13. c3 Bd6 14. h3 a6 15. Nd4 Ne5 16. Nf3 b5 17. Nxe5 Bxe5 18. Bd4 Bb7 19. Bf3 Rfd8 20. Bxe5 Qxe5 21. Qe2 Rd6 22. Rad1 Rad8 23. Rxd6 Qxd6 24. e5 Bxf3 25. Qxf3 Qc7 26. Rd1 h6 27. Rxd8+ Qxd8 28. Qe4 g6 29. Kh1 Kg7 30. c4 Qd1+ 31. Kh2 Qa4 32. b3 Qxa2 33. cxb5 axb5 34. Qd3 b4 35. Qc4 Qa5 36. Qf4 h5 37. h4 Qc5 38. Qf6+ Kg8 39. Qd8+ Kh7 40. Qf6 Qc7 41. Qf4 Kg7 42. Kh3 Qc3+ 43. g3 Kg8 44. Qf6 Qc6 45. Kh2 Qc2+ 46. Kh1 Qxb3 47. Qd8+ Kh7 48. Qf6 Qb1+ 49. Kh2 Qf5 50. Qe7 b3 51. Qb7 Qf2+ 52. Kh3 b2 53. g4 Qf1+ 54. Kg3 b1Q 0-1

[Event "Sochi ChessAmateur op"]
[Site "Sochi"]
[Date "2018.04.05"]
[Round "7"]
[White "Zhuk, Kirill"]
[Black "Tuzhik, Artem"]
[Result "1/2-1/2"]
[WhiteElo "1929"]
[BlackElo "2208"]
[PlyCount "65"]
[EventDate "2018.04.01"]
[EventType "swiss"]
[EventRounds "9"]
[EventCountry "RUS"]
[SourceTitle "CBM 184 Extra"]
[Source "ChessBase"]
[SourceDate "2018.06.28"]
[SourceVersion "1"]
[SourceVersionDate "2018.06.28"]
[SourceQuality "1"]

1. e4 d6 2. d4 Nf6 3. Nc3 e5 4. dxe5 dxe5 5. Qxd8+ Kxd8 6. Bg5 c6 7. Nf3 Bd6 8. Bc4 Ke7 9. 0-0-0 Bc7 10. Ne1 h6 11. Be3 b5 12. Be2 Bb6 13. Bxb6 axb6 14. a3 Na6 15. Nd3 Nd7 16. Bg4 f6 17. Rd2 Ndc5 18. Bxc8 Rhxc8 19. Nxc5 Nxc5 20. f3 Ne6 21. Rhd1 Rc7 22. Na2 Nd4 23. Nb4 h5 24. f4 g6 25. fxe5 fxe5 26. Rf2 Rf8 27. Rdf1 Rxf2 28. Rxf2 Rd7 29. Nd3 Nb3+ 30. Kb1 Ke6 31. Rf8 Nc5 32. Nxc5+ bxc5 33. Re8+ 1/2-1/2

[Event "Sochi ChessAmateur op"]
[Site "Sochi"]
[Date "2018.04.01"]
[Round "1"]
[White "Zhuk, Kirill"]
[Black "Frenkel, Ran"]
[Result "0-1"]
[WhiteElo "1929"]
[BlackElo "2257"]
[PlyCount "54"]
[EventDate "2018.04.01"]
[EventType "swiss"]
[EventRounds "9"]
[EventCountry "RUS"]
[SourceTitle "CBM 184 Extra"]
[Source "ChessBase"]
[SourceDate "2018.06.28"]
[SourceVersion "1"]
[SourceVersionDate "2018.06.28"]
[SourceQuality "1"]

1. e4 e5 2. Nf3 Nc6 3. Bb5 a6 4. Ba4 Nf6 5. 0-0 b5 6. Bb3 Bc5 7. a4 Bb7 8. d3 h6 9. Nc3 b4 10. Nd5 d6 11. Be3 0-0 12. Bxc5 dxc5 13. Ne3 a5 14. h3 Bc8 15. Kh2 Be6 16. Bc4 Bxc4 17. Nxc4 Qe7 18. Ne3 Rfd8 19. Qe2 g6 20. g4 Nd4 21. Nxd4 cxd4 22. Ng2 g5 23. b3 Nd7 24. f3 Nf8 25. Rae1 Ng6 26. Qd2 Ra6 27. Rc1 Kg7 0-1

[Event "EU-ch U14 27th"]
[Site "Mamaia"]
[Date "2017.09.13"]
[Round "8"]
[White "Geher, Koppany"]
[Black "Zhuk, Kirill"]
[Result "1-0"]
[WhiteElo "2017"]
[BlackElo "1808"]
[PlyCount "119"]
[EventDate "2017.09.05"]
[EventType "swiss"]
[EventRounds "9"]
[EventCountry "ROU"]
[SourceTitle "CBM 180 Extra"]
[Source "ChessBase"]
[SourceDate "2017.10.06"]
[SourceVersion "1"]
[SourceVersionDate "2017.10.06"]
[SourceQuality "1"]

1. e4 e5 2. Nf3 Nc6 3. Bb5 Nf6 4. d3 Bc5 5. 0-0 d6 6. c3 0-0 7. h3 a6 8. Ba4 Ba7 9. Re1 Ne7 10. Nbd2 Ng6 11. Nf1 h6 12. Ng3 Be6 13. d4 b5 14. Bc2 c5 15. b4 c4 16. a4 Qc7 17. Be3 Nh7 18. Qd2 Qe7 19. Nf5 Qd7 20. Bxh6 exd4 21. cxd4 c3 22. Qe3 Bxf5 23. exf5 Rae8 24. Qd3 Rxe1+ 25. Rxe1 Ne7 26. Bf4 Nd5 27. Bg5 Nxb4 28. Qxc3 Nxc2 29. Qxc2 Re8 30. Rxe8+ Qxe8 31. Bf4 Qd7 32. axb5 axb5 33. d5 Bc5 34. g4 Nf6 35. Qd3 Qb7 36. g5 Qxd5 37. Qxd5 Nxd5 38. Bc1 Nb4 39. Be3 Nc2 40. Bc1 Nb4 41. Kf1 Kf8 42. h4 Bxf2 43. Bd2 Bc5 44. Bxb4 Bxb4 45. Nd4 Bc3 46. Nxb5 Be5 47. Nc7 g6 48. Kg2 gxf5 49. Nd5 Kg7 50. h5 f6 51. g6 f4 52. Ne7 f5 53. Nxf5+ Kg8 54. Kf3 Kh8 55. Ke4 Kg8 56. h6 Kf8 57. h7 Bh8 58. Kxf4 Be5+ 59. Ke4 Bh8 60. Kd5 1-0